Los dos primeros poetas coloniales ecuatorianos: siglos XVII y XVIII. Antonio de Bastidas y Juan Bautista Aguirre
সংরক্ষণ করুন:
| বিন্যাস: | গ্রন্থ |
|---|---|
| ভাষা: | স্প্যানিশ |
| প্রকাশিত: |
Quito
Corporación de Estudios y Publicaciones
1989
|
| মালা: | Biblioteca Ecuatoriana Clásica, 7
|
| বিষয়গুলি: | |
| ট্যাগগুলো: |
ট্যাগ যুক্ত করুন
কোনো ট্যাগ নেই, প্রথমজন হিসাবে ট্যাগ করুন!
|
MARC
| LEADER | 00000nam a2200000 a 4500 | ||
|---|---|---|---|
| 001 | UCM1752 | ||
| 003 | CL-VaPUC | ||
| 008 | 020412e19890000EC |||||||||||||||||spa|d | ||
| 082 | 0 | 4 | |a 986.6 |b DOS |2 21 |
| 245 | 1 | 4 | |a Los dos primeros poetas coloniales ecuatorianos: siglos XVII y XVIII. Antonio de Bastidas y Juan Bautista Aguirre |
| 300 | |a 599 p | ||
| 942 | |c BK | ||
| 945 | |d 20020412 00:00:00 |a cmena | ||
| 260 | |a Quito |b Corporación de Estudios y Publicaciones |c 1989 | ||
| 600 | 0 | 7 | |a AGUIRRE, JUAN BAUTISTA |2 CL-VaPUC |9 321310 |
| 600 | 0 | 7 | |a BASTIDAS, ANTONIO DE |2 CL-VaPUC |9 321311 |
| 650 | 7 | |a POESIAS ECUATORIANAS |2 CL-VaPUC |9 321113 | |
| 583 | |a last modification |c 20020412 00:00:00 |k Rodrigo Vera | ||
| 490 | 0 | |a Biblioteca Ecuatoriana Clásica, 7 | |
| 999 | |c 299993 |d 299991 | ||
| 952 | |0 0 |1 0 |4 0 |6 986_600000000000000_DOS_1989 |7 0 |8 P |9 357264 |a BIBEDU |b BIBEDU |c BIBEDU_PB |d 2019-11-21 |i 3670589 |o 986.6 DOS 1989 |p 3670589 |r 2024-01-25 |w 2019-11-21 |y BK |k LIT | ||